000
00287nam a22001337a 4500
008
170821b xxu||||| |||| 00| 0 eng d
020
_a
9780534374587
041
_a
eng
080
_a
51
100
_a
51
101
_a
MAT
245
_a
ELEMENTARY ALGEBRA
_c
SHOCKEY.T
942
_2
udc
_c
BK
999
_c
24159
_d
24159